Tímovú prácu možno účinne využiť pri príprave strategických rozhodnutí, prognózovaní, zmenách organizácie a systému riadenia
Význam tímovej práce. Vonkajšie podmienky pre fungovanie tímov. Problémy a úlohy pre tím. Kritériá výberu pracovníkov do tímu. Pravidlá pre úspešné fungovanie tímu. Vedenie tímu. Využitie metód tvorivej práce. Rozdiel medzi skupinou a tímom.
Enregistré dans:
| Auteur principal: | |
|---|---|
| Format: | Chapitre de livre |
| Langue: | slovaque |
| Sujets: | |
| Tags: |
Pas de tags, Soyez le premier à ajouter un tag!
|
MARC
| LEADER | 00000naa a2200000 4500 | ||
|---|---|---|---|
| 001 | r033246 | ||
| 005 | 20230921102130.6 | ||
| 041 | 0 | |a slo | |
| 044 | |a SK | ||
| 245 | 1 | 0 | |a Tímovú prácu možno účinne využiť pri príprave strategických rozhodnutí, prognózovaní, zmenách organizácie a systému riadenia |c Jozef Javorský |
| 520 | |a Význam tímovej práce. Vonkajšie podmienky pre fungovanie tímov. Problémy a úlohy pre tím. Kritériá výberu pracovníkov do tímu. Pravidlá pre úspešné fungovanie tímu. Vedenie tímu. Využitie metód tvorivej práce. Rozdiel medzi skupinou a tímom. | ||
| 610 | 2 | 0 | |a práca tímová |
| 610 | 2 | 0 | |a práca tvorivá |
| 610 | 2 | 0 | |a výber pracovníkov |
| 610 | 2 | 0 | |a vedenie |
| 610 | 2 | 0 | |a riadenie |
| 610 | 2 | 0 | |a Slovensko |
| 100 | 1 | |a Javorský, Jozef | |